[Event "AUTO-MASTER-3294"]
[Site "http://www.queenalice.com/game.php?id=1868526"]
[Date "2026.1.26"]
[Round "1"]
[White "rmvwoods"]
[Black "andrevillares"]
[Result "1-0"]
[WhiteElo "2044"]
[BlackElo "2203"]

1. e4 c6 2. c4 d5 3. exd5 cxd5 4. cxd5 Qxd5 5. Nc3 Qd8 6. Nf3 Nf6 7. Bb5+ Nc6 8.
O-O Bg4 9. Qe2 e6 10. h3 Bh5 11. d3 Bd6 12. Bg5 h6 13. Bh4 O-O 14. Qe3 Rc8 15.
Bc4 Bg6 16. Ne4 Be7 17. Rad1 Qc7 18. Nxf6+ Bxf6 19. Bxf6 gxf6 20. Qxh6 Ne5 21.
Bxe6 Nxf3+ 22. gxf3 Rcd8 23. Qxg6+ Kh8 24. Qh6+ Kg8 25. Bf5 1-0

[Event "AUTO-MASTER-3294"]
[Site "http://www.queenalice.com/game.php?id=1868527"]
[Date "2026.1.26"]
[Round "1"]
[White "andrevillares"]
[Black "rmvwoods"]
[Result "1/2-1/2"]
[WhiteElo "2160"]
[BlackElo "2061"]

1. d4 d5 2. c4 c6 3. Nc3 Nf6 4. a4 Bf5 5. cxd5 cxd5 6. Nf3 e6 7. Bg5 Bb4 8. e3
O-O 9. Nh4 h6 10. Nxf5 exf5 11. Bxf6 Qxf6 12. Bd3 Nd7 13. O-O Rac8 14. h3 Bxc3
15. bxc3 Rxc3 16. Qd2 Rfc8 17. a5 g5 18. Rfc1 R3c7 19. Rab1 b6 20. axb6 axb6 21.
Rxc7 Rxc7 22. Qb4 f4 23. e4 dxe4 24. Bxe4 Qe6 25. Bf3 f5 26. d5 Qf7 27. Qd6 Ra7
28. Qxh6 Qg7 29. Qe6+ Qf7 30. Rc1 Qxe6 31. dxe6 Nc5 32. Bd5 Kf8 33. Kf1 Ke7 34.
Ke2 Ra5 35. Bc4 b5 36. Bd5 Nxe6 37. Bxe6 Kxe6 38. Rc6+ Kf7 39. Rc5 Ke6 40. Rc6+
Kf7 1/2-1/2

[Event "AUTO-MASTER-3298"]
[Site "http://www.queenalice.com/game.php?id=1870361"]
[Date "2026.3.12"]
[Round "1"]
[White "andrevillares"]
[Black "matamuff"]
[Result "1-0"]
[WhiteElo "2157"]
[BlackElo "1863"]

1. d4 d6 2. c4 g6 3. e4 Bg7 4. Nc3 a6 5. Bd3 Nd7 6. Nf3 e6 7. O-O Ne7 8. Be3 h6
9. Rc1 O-O 10. Qd2 Kh7 11. h3 Ng8 12. h4 Ndf6 13. Rfd1 Ng4 14. h5 Nxe3 15. Qxe3
e5 16. hxg6+ fxg6 17. dxe5 dxe5 18. Be2 c6 19. Rxd8 Rxd8 20. Qb6 1-0

[Event "AUTO-MASTER-3298"]
[Site "http://www.queenalice.com/game.php?id=1870362"]
[Date "2026.3.12"]
[Round "1"]
[White "matamuff"]
[Black "andrevillares"]
[Result "1-0"]
[WhiteElo "1854"]
[BlackElo "2138"]

1. Na3 Nf6 2. Nf3 d5 3. e3 c5 4. c3 Nc6 5. d4 cxd4 6. cxd4 Bg4 7. Be2 e6 8. Nc2
Bd6 9. a3 O-O 10. Nd2 Bxe2 11. Qxe2 Rc8 12. O-O Qe7 13. Ne1 e5 14. Qd1 exd4 15.
exd4 Nxd4 16. Ndf3 Nxf3+ 17. Nxf3 Rfd8 18. Qe1 Ne4 19. Nd4 Bxh2+ 20. Kxh2 Qh4+
21. Kg1 Rc4 22. Nf3 Qh5 23. Bf4 Nc5 24. Qe5 Qg6 25. Qg5 Qxg5 26. Bxg5 Rd7 27.
Be3 Ne6 28. Rfc1 h6 29. Ne5 Rxc1+ 30. Rxc1 Rd8 31. Bxa7 d4 32. Nf3 Nf4 33. Kf1
d3 34. Be3 Nd5 35. Bd2 Nf6 36. Be3 Ne4 37. Nd2 Nf6 38. Nb3 Ne4 39. Nd2 Nf6 40.
f3 Nh5 41. Rc5 g6 42. Bxh6 Nf6 43. Bg5 Kg7 44. Bxf6+ Kxf6 45. Rc7 Rb8 46. Rd7 b5
47. Rxd3 Ke6 48. b4 Rc8 49. Nb3 Rc2 50. Nd4+ 1-0

[Event "AUTO-MASTER-3298"]
[Site "http://www.queenalice.com/game.php?id=1870363"]
[Date "2026.3.12"]
[Round "1"]
[White "andrevillares"]
[Black "chessman"]
[Result "1-0"]
[WhiteElo "2161"]
[BlackElo "2020"]

1. d4 d5 2. c4 c6 3. Nc3 Nf6 4. Nf3 e6 5. cxd5 exd5 6. Bg5 Be7 7. e3 O-O 8. Bd3
Re8 9. O-O Nbd7 10. Rc1 Nf8 11. Re1 Ng6 12. Ne5 Be6 13. f4 Rc8 14. h4 h6 15.
Nxg6 hxg5 16. Nxe7+ Qxe7 17. hxg5 Ne4 18. Nxe4 dxe4 19. Bxe4 Bxa2 20. Bf5 Be6
21. Bb1 Bd5 22. e4 Be6 23. f5 Bd7 24. Qh5 Bxf5 25. Qh4 Bg6 26. Re3 Rcd8 27. Rh3
1-0

[Event "AUTO-MASTER-3298"]
[Site "http://www.queenalice.com/game.php?id=1870364"]
[Date "2026.3.12"]
[Round "1"]
[White "chessman"]
[Black "andrevillares"]
[Result "1-0"]
[WhiteElo "2083"]
[BlackElo "2162"]

1. e4 c6 2. d4 d5 3. exd5 cxd5 4. Nf3 Nc6 5. Bd3 Bg4 6. O-O e6 7. c3 Nf6 8. Re1
Bd6 9. Nbd2 O-O 10. h3 Bh5 11. Nf1 Re8 12. Be3 e5 13. dxe5 Nxe5 14. Be2 Rc8 15.
Nxe5 Bxe2 16. Qxe2 Bxe5 17. Nd2 b6 18. Rad1 Bb8 19. Nf3 Qc7 20. Qd3 h6 21. Qf5
Ne4 22. Rxd5 Nf6 23. Rd3 Rcd8 24. Rxd8 Rxd8 25. Qc2 Nd5 26. Bd4 Nf4 27. Be5 Qd7
28. Bxf4 Bxf4 29. Qe4 Bb8 30. Qe2 Kf8 31. Nd4 Qd6 32. g3 g6 33. Qe3 Kg7 34. Kg2
Qd5+ 35. Kh2 h5 36. Qe7 Rd7 37. Qe2 Qxa2 38. Qe8 Rb7 39. Qe2 Qd5 40. Qe4 Qxe4
41. Rxe4 Rd7 42. Kg2 Kf6 43. Nc6 Bd6 44. Nd4 Bc5 45. Nb3 Bd6 46. Nd4 a6 47. f4
b5 48. Kf3 1-0

[Event "AUTO-MASTER-3298"]
[Site "http://www.queenalice.com/game.php?id=1870365"]
[Date "2026.3.12"]
[Round "1"]
[White "andrevillares"]
[Black "Tonto"]
[Result "1/2-1/2"]
[WhiteElo "2168"]
[BlackElo "1972"]

1. d4 d5 2. c4 Nf6 3. Nc3 Bf5 4. cxd5 Nxd5 5. Qb3 Nb6 6. Nf3 Nc6 7. e4 Bg6 8.
Bb5 Qd6 9. d5 a6 10. dxc6 axb5 11. cxb7 Rb8 12. O-O c6 13. Rd1 Qc7 14. Be3 Nc4
15. Nxb5 Qxb7 16. Qxc4 Qxb5 17. Qd4 c5 18. Qxc5 e6 19. Qc7 Be7 20. Ne5 Bxe4 21.
Rd7 O-O 22. Rxe7 Qxb2 23. Re1 Rb7 24. Qd6 Rxe7 25. Qxe7 Qxe5 26. Bc5 Rc8 27. Rd1
h6 28. Be3 Bd5 29. a4 Bb3 30. Rd8+ Rxd8 31. Qxd8+ Kh7 32. Qd3+ f5 33. h3 Bxa4
34. Bd4 Qd5 35. Qe3 Bc6 36. f3 g5 37. Bb2 g4 38. Qa7+ Bb7 39. hxg4 fxg4 40. Qb8
gxf3 41. Qh8+ Kg6 42. Qg8+ Kh5 43. Qf7+ Kg4 44. gxf3+ Qxf3 45. Qxe6+ Kg5 46.
Bc1+ Kh4 47. Qxh6+ Qh5 48. Qf6+ Kh3 49. Qh6 1/2-1/2

[Event "AUTO-MASTER-3298"]
[Site "http://www.queenalice.com/game.php?id=1870366"]
[Date "2026.3.12"]
[Round "1"]
[White "Tonto"]
[Black "andrevillares"]
[Result "0-1"]
[WhiteElo "1954"]
[BlackElo "2189"]

1. e4 c6 2. d4 d5 3. e5 Bf5 4. Nf3 e6 5. Be2 Nd7 6. Bf4 Ne7 7. Nbd2 c5 8. c3 Nc6
9. dxc5 Bxc5 10. b4 Bb6 11. a4 O-O 12. Nb3 Bc7 13. Bb5 Ncxe5 14. Nxe5 Nxe5 15.
Nd4 a6 16. Be2 Nc4 17. Bxc7 Qxc7 18. O-O Bg6 19. Bd3 Nb2 20. Qg4 Nxd3 21. Ne2
Qe5 22. Nd4 Rac8 23. Ra3 Bh5 24. Qh4 Nf4 25. g3 Ne2+ 26. Nxe2 Bxe2 27. Re1 Qh5
28. Qf4 e5 29. Qe3 Bf3 30. h4 e4 31. Qf4 Rc6 32. Qg5 Qxg5 33. hxg5 h6 34. b5
axb5 35. axb5 Rb6 36. gxh6 Rxh6 0-1

[Event "AUTO-OPEN-4644"]
[Site "http://www.queenalice.com/game.php?id=1870907"]
[Date "2026.3.24"]
[Round "1"]
[White "chessman"]
[Black "andrevillares"]
[Result "0-1"]
[WhiteElo "2144"]
[BlackElo "2167"]

1. e4 c6 2. d4 d5 3. e5 Bf5 4. Nf3 e6 5. Bd3 Bxd3 6. Qxd3 Nd7 7. O-O Ne7 8. c3
c5 9. Bg5 h6 10. Bh4 Qb6 11. Qd2 Nc6 12. a3 cxd4 13. cxd4 Rc8 14. Nc3 Na5 15.
Na4 Qb5 16. Nc3 Qc6 17. Rac1 Nb3 18. Qe3 Nxc1 19. Rxc1 b5 20. h3 a6 21. g4 Nb6
22. Nd2 Nc4 23. Nxc4 dxc4 24. Rd1 a5 25. d5 exd5 26. Nxd5 Bc5 27. Qe2 O-O 28.
Be7 Rfe8 29. Bh4 b4 30. axb4 axb4 31. Qd2 Rxe5 32. Bg3 Re4 33. Nf4 Rce8 34. Qd5
Re1+ 35. Kh2 Qb6 36. Rxe1 Rxe1 37. Qf3 Bd6 0-1

[Event "AUTO-OPEN-4644"]
[Site "http://www.queenalice.com/game.php?id=1870908"]
[Date "2026.3.24"]
[Round "1"]
[White "andrevillares"]
[Black "chessman"]
[Result "1/2-1/2"]
[WhiteElo "2185"]
[BlackElo "2147"]

1. d4 d5 2. c4 c6 3. Nc3 dxc4 4. a4 Nf6 5. e4 e6 6. Bxc4 Bb4 7. Qd3 c5 8. Nf3
cxd4 9. Nxd4 O-O 10. Bg5 Nc6 11. Nxc6 bxc6 12. Qf3 Be7 13. O-O Bb7 14. Rfd1 Qc7
15. Bf4 e5 16. Bg5 Rad8 17. Rac1 h6 18. Bh4 Rxd1+ 19. Rxd1 Rd8 20. h3 Qb6 21. b3
Rxd1+ 22. Nxd1 Qd4 23. Nc3 a6 24. Bg3 c5 25. Nd5 Nxd5 26. Bxd5 Bxd5 27. exd5 Bd6
28. Kh2 e4 29. Qg4 Qxd5 30. Qc8+ Kh7 31. Bxd6 Qxd6+ 32. g3 g6 33. Qe8 Qd5 34. h4
Kg7 35. Qe7 Qe6 36. Qxc5 Qxb3 37. Qe5+ Kg8 38. Qxe4 Qb6 39. Kg2 Qd6 40. Kf3
1/2-1/2

[Event "AUTO-OPEN-4644"]
[Site "http://www.queenalice.com/game.php?id=1870933"]
[Date "2026.3.24"]
[Round "1"]
[White "andrevillares"]
[Black "Rafale2000"]
[Result "1-0"]
[WhiteElo "2183"]
[BlackElo "1987"]

1. d4 Nf6 2. c4 c5 3. d5 b5 4. a4 b4 5. Nf3 g6 6. g3 Bg7 7. Bg2 d6 8. O-O O-O 9.
Nbd2 a5 10. e4 Bg4 11. h3 Bd7 12. e5 dxe5 13. Nxe5 Ra7 14. Re1 Bc8 15. Ne4 Nxe4
16. Rxe4 Qc7 17. Bf4 Qd8 18. Nd3 Bf5 19. Re2 e5 20. Nxe5 Re8 21. g4 Bd7 22. Qe1
Bc8 23. Rd1 Bxe5 24. Rxe5 Rae7 25. Rxe7 Rxe7 26. Qd2 Nd7 27. Bg5 Kg7 28. d6 Nf6
29. Bh6+ Kg8 30. dxe7 Qe8 31. Qd8 1-0

[Event "AUTO-OPEN-4644"]
[Site "http://www.queenalice.com/game.php?id=1870935"]
[Date "2026.3.24"]
[Round "1"]
[White "andrevillares"]
[Black "SGF"]
[Result "1-0"]
[WhiteElo "2182"]
[BlackElo "1729"]

1. d4 d5 2. c4 dxc4 3. Nf3 f6 4. Qa4+ Bd7 5. Qxc4 b5 6. Qc2 c6 7. e4 e6 8. Bf4
g5 9. Be3 Bb4+ 10. Nbd2 h5 11. e5 a5 12. Qg6+ Kf8 13. exf6 Qxf6 14. Qe4 Ne7 15.
Bxg5 Qf7 16. Ne5 Qf5 17. Qh4 Ng6 18. Qg3 Nxe5 19. dxe5 Rg8 20. h4 Qe4+ 21. Be2
c5 22. Kd1 Bxd2 23. Kxd2 Nc6 24. Bh6+ Kf7 25. Bxh5+ Ke7 26. Bg5+ Kf8 27. Rae1
Qd5+ 28. Kc1 Qxa2 29. Qf4+ Kg7 30. Qf6+ Kh7 31. Qh6# 1-0

[Event "AUTO-OPEN-4644"]
[Site "http://www.queenalice.com/game.php?id=1870936"]
[Date "2026.3.24"]
[Round "1"]
[White "SGF"]
[Black "andrevillares"]
[Result "0-1"]
[WhiteElo "1686"]
[BlackElo "2184"]

1. e4 c6 2. Qf3 d5 3. d3 dxe4 4. Qxe4 Nf6 5. Qa4 e5 6. Bg5 Be7 7. Nc3 O-O 8. Qh4
Nbd7 9. Be2 h6 10. Bxf6 Bxf6 11. Qg3 Bh4 12. Qg4 Nc5 13. Qc4 Qd4 14. Qxd4 exd4
15. Ne4 Nxe4 16. g3 Nxg3 17. fxg3 Bg5 18. h4 Be3 19. Nf3 Bg4 20. Ne5 Bxe2 21.
Kxe2 Rfe8 22. Nd7 b6 23. Rae1 Rad8 24. Nxb6 axb6 25. a4 Bc1+ 26. Kd1 Bxb2 27.
Rxe8+ Rxe8 28. g4 Ra8 29. Kd2 Rxa4 30. Rb1 Bc3+ 31. Ke2 b5 32. Kf3 Ra2 33. Rc1
Bd2 34. Rd1 Rxc2 35. h5 b4 36. Ke4 c5 37. Kd5 b3 38. Ke4 b2 39. Kd5 Bc1 40. Ke4
b1=Q 41. Kd5 Qb3+ 42. Ke4 Re2+ 43. Kf3 Qxd1 44. Kg3 Qxd3+ 45. Kh4 Bg5# 0-1

[Event "AUTO-MASTER-3299"]
[Site "http://www.queenalice.com/game.php?id=1870991"]
[Date "2026.3.25"]
[Round "1"]
[White "JailtonMaster"]
[Black "andrevillares"]
[Result "1-0"]
[WhiteElo "2110"]
[BlackElo "2194"]

1. d4 Nf6 2. c4 e6 3. Nc3 d5 4. Nf3 Be7 5. Bg5 O-O 6. e3 Nbd7 7. Bd3 b6 8. cxd5
Nxd5 9. Nxd5 exd5 10. Bxe7 Qxe7 11. Qc2 Nf6 12. O-O a5 13. Rfe1 Ba6 14. Bxa6
Rxa6 15. Rac1 Ra7 16. Ne5 Qd6 17. f3 c5 18. f4 cxd4 19. exd4 h6 20. Qc6 Rd8 21.
Qxd6 Rxd6 22. Rc8+ Kh7 23. Rf8 Re6 24. Rc1 Nh5 25. Rcc8 g6 26. Ng4 Nf6 27. Nxf6+
Kg7 28. Ng4 f5 29. Rg8+ Kf7 30. Nxh6+ Kf6 31. Rcf8+ Ke7 32. Rf7+ Kd6 33. Rxa7
1-0

[Event "AUTO-MASTER-3299"]
[Site "http://www.queenalice.com/game.php?id=1870992"]
[Date "2026.3.25"]
[Round "1"]
[White "andrevillares"]
[Black "JailtonMaster"]
[Result "0-1"]
[WhiteElo "2180"]
[BlackElo "2145"]

1. d4 d5 2. c4 c6 3. Nc3 Nf6 4. Nf3 e6 5. cxd5 exd5 6. Bg5 Be7 7. e3 O-O 8. Bd3
Nbd7 9. O-O h6 10. Bh4 b6 11. Rc1 Bb7 12. Re1 c5 13. Bb1 Rc8 14. Ne5 Nxe5 15.
dxe5 Ne4 16. Bxe7 Qxe7 17. f4 Nxc3 18. Rxc3 Rfd8 19. Qg4 d4 20. exd4 cxd4 21.
Rxc8 Rxc8 22. f5 f6 23. a3 fxe5 24. Qg6 e4 25. Ba2+ Kh8 26. h3 e3 27. Bb1 Be4
28. Qg4 Re8 29. Bxe4 Qxe4 30. Qh5 Re5 31. Qg4 Qxg4 32. hxg4 d3 33. Rd1 e2 34.
Rc1 e1=R+ 35. Rxe1 Rxe1+ 0-1

[Event "AUTO-MASTER-3299"]
[Site "http://www.queenalice.com/game.php?id=1871005"]
[Date "2026.3.25"]
[Round "1"]
[White "andrevillares"]
[Black "Capixaba789"]
[Result "1-0"]
[WhiteElo "2160"]
[BlackElo "1832"]

1. d4 d5 2. c4 e6 3. Nc3 Nf6 4. Bg5 Be7 5. e3 c6 6. Nf3 dxc4 7. Bxc4 O-O 8. O-O
Nbd7 9. Re1 Nb6 10. Bb3 Nbd5 11. Rc1 Bd7 12. e4 Nxc3 13. bxc3 a5 14. e5 Nd5 15.
Bxe7 Nxe7 16. Bc2 Ng6 17. Qd3 b5 18. h4 f5 19. exf6 Rxf6 20. h5 Nf4 21. Qxh7+
Kf8 22. Qh8+ Kf7 23. Ne5+ 1-0

[Event "AUTO-MASTER-3299"]
[Site "http://www.queenalice.com/game.php?id=1871006"]
[Date "2026.3.25"]
[Round "1"]
[White "Capixaba789"]
[Black "andrevillares"]
[Result "0-1"]
[WhiteElo "1806"]
[BlackElo "2179"]

1. d4 Nf6 2. c4 e6 3. Nc3 d5 4. e3 Be7 5. f4 O-O 6. Nf3 Nbd7 7. c5 c6 8. Bd3 a5
9. O-O b6 10. cxb6 Nxb6 11. Qe1 c5 12. Ne5 Bb7 13. Bd2 Qc7 14. Nb5 Qc8 15. a4
cxd4 16. exd4 Nc4 17. Bc3 Rd8 18. Kh1 Ba6 19. b3 Nd6 20. Bxa5 Rf8 21. Rc1 Qxc1
22. Qxc1 Bxb5 23. Bxb5 Nxb5 24. Bb6 Nd6 25. a5 Rfc8 26. Qd1 Nfe4 27. b4 Rc3 28.
Bc5 Rc8 29. Qa1 Rc2 30. a6 f6 31. Nd3 Kf7 32. a7 Nxc5 33. a8=Q Rxa8 34. Qxa8
Nxd3 35. Qa4 Rd2 36. h3 Nf5 37. b5 Ng3+ 38. Kg1 Nxf1 39. Kxf1 Bd6 40. Qa7+ Kg6
41. Qd7 Bxf4 42. b6 Bh2 43. b7 Rf2# 0-1

[Event "AUTO-MASTER-3299"]
[Site "http://www.queenalice.com/game.php?id=1871007"]
[Date "2026.3.25"]
[Round "1"]
[White "andrevillares"]
[Black "cerenzo72"]
[Result "1-0"]
[WhiteElo "2118"]
[BlackElo "2056"]

1. d4 Nf6 2. c4 g6 3. Nc3 d6 4. e4 Bg7 5. Bd3 c5 6. Nge2 cxd4 7. Nxd4 Nc6 8. Nb3
O-O 9. O-O e6 10. Re1 b6 11. Bg5 a6 12. Bc2 Bb7 13. Qd2 Rc8 14. Rad1 Qc7 15.
Qxd6 Qxd6 16. Rxd6 Nb4 17. Bb1 Rxc4 18. a3 Nxe4 19. Nxe4 Nd5 20. Rd8 Rxd8 21.
Bxd8 Rc8 22. Bh4 Bxb2 23. Nd6 Rc7 24. Nxb7 Rxb7 25. a4 Bc3 26. Rd1 b5 27. Be4
bxa4 28. Nc5 Rb4 29. Bxd5 Rxh4 30. Ba2 a5 31. g3 Rh5 32. Nxa4 Bb4 33. Nb2 Rf5
34. Nd3 Bc3 35. Nf4 Rb5 36. h4 Rb2 37. Bc4 a4 38. h5 Rb4 39. Ba2 a3 40. hxg6
hxg6 41. Rd3 Bb2 42. Kg2 Kg7 43. Rb3 Rd4 44. Nd3 Rxd3 45. Rxd3 g5 46. Rd7 Kf6
47. Kf3 Kg6 48. Bb1+ Kg7 49. Kg4 Kf6 50. Kh5 Bc1 51. g4 Kg7 52. Ba2 Kf6 53. Kh6
Bb2 54. Kh7 Bc3 55. Kg8 1-0

[Event "AUTO-MASTER-3299"]
[Site "http://www.queenalice.com/game.php?id=1871008"]
[Date "2026.3.25"]
[Round "1"]
[White "cerenzo72"]
[Black "andrevillares"]
[Result "0-1"]
[WhiteElo "2190"]
[BlackElo "2169"]

1. c4 Nf6 2. Nc3 e6 3. Nf3 d5 4. cxd5 exd5 5. e3 Bd6 6. g3 O-O 7. Bg2 c6 8. O-O
Bg4 9. d3 Re8 10. Re1 Nbd7 11. e4 dxe4 12. dxe4 Nc5 13. Qc2 Bc7 14. Bg5 h6 15.
Bd2 Ne6 16. Rad1 Nd4 17. Qd3 Nxf3+ 18. Bxf3 Qxd3 19. Bxg4 Nxg4 20. Bxh6 Qf3 21.
Be3 Re6 22. Rd7 Bb6 23. Bxb6 axb6 24. Rd2 Rh6 25. h4 g5 26. Red1 gxh4 27. Ne2
Qxf2+ 0-1

[Event "AUTO-OPEN-4602"]
[Site "http://www.queenalice.com/game.php?id=1872902"]
[Date "2026.5.3"]
[Round "2"]
[White "josebaron"]
[Black "andrevillares"]
[Result "1-0"]
[WhiteElo "2206"]
[BlackElo "2148"]

1. e4 c6 2. Nf3 d5 3. exd5 cxd5 4. d4 Nc6 5. Bb5 Bg4 6. h3 Bh5 7. O-O Nf6 8.
Bxc6+ bxc6 9. Nc3 e6 10. Qd3 Bd6 11. Bg5 Bg6 12. Qe3 O-O 13. Qd2 c5 14. dxc5
Bxc5 15. Ne5 Rc8 16. Bxf6 gxf6 17. Nxg6 fxg6 18. Rfe1 Qd7 19. a3 Rfd8 20. Rad1
a5 21. Ne2 a4 22. Nf4 Re8 23. c3 Rcd8 24. Qe2 Kf7 25. h4 Qc6 26. Nd3 Bb6 27. Qf3
Rd6 28. Ne5+ 1-0

[Event "AUTO-OPEN-4602"]
[Site "http://www.queenalice.com/game.php?id=1872903"]
[Date "2026.5.3"]
[Round "2"]
[White "andrevillares"]
[Black "josebaron"]
[Result "0-1"]
[WhiteElo "2117"]
[BlackElo "2214"]

1. d4 d5 2. c4 dxc4 3. Nf3 Nf6 4. Qa4+ c6 5. Qxc4 e6 6. Nc3 Be7 7. e4 O-O 8. Bg5
Nbd7 9. Qb3 h6 10. Bh4 a5 11. Bd3 e5 12. dxe5 Ng4 13. Bg3 Bb4 14. Rd1 Qb6 15.
O-O Re8 16. Bc4 Ngxe5 17. Nxe5 Nxe5 18. Bxe5 Rxe5 19. Bxf7+ Kh8 20. a3 Bc5 21.
Qc4 Qc7 22. Bg6 Be6 23. Qd3 Rf8 24. Kh1 Bb6 25. f4 Rc5 26. f5 Bc4 27. Qh3 Bxf1
28. Rxf1 Qd6 29. g4 Qe7 30. Qh5 Rxc3 31. f6 Rxf6 32. Re1 Re3 33. Rd1 Rxe4 34. g5
Re1+ 35. Rxe1 Qxe1+ 36. Kg2 Rf2+ 0-1

[Event "AUTO-MASTER-3288"]
[Site "http://www.queenalice.com/game.php?id=1873603"]
[Date "2026.5.21"]
[Round "2"]
[White "andrevillares"]
[Black "JailtonMaster"]
[Result "1-0"]
[WhiteElo "2128"]
[BlackElo "2232"]

1. d4 Nf6 2. c4 e6 3. Nf3 d5 4. Bg5 c6 5. cxd5 exd5 6. Nc3 Be7 7. e3 O-O 8. Bd3
Nbd7 9. O-O h6 10. Bxf6 Nxf6 11. Rc1 Bg4 12. h3 Bh5 13. g4 Bg6 14. Bxg6 fxg6 15.
Ne5 Qe8 16. Qd3 Kh7 17. f3 Bd6 18. f4 Rc8 19. e4 dxe4 20. Nxe4 Bxe5 21. dxe5 Nd5
22. Nd6 Nxf4 23. Qe3 Nd5 24. Qd4 Qe7 25. Nxc8 Qh4 26. Rxf8 Qg3+ 27. Kf1 1-0